Finanzwissenschaft 4 Öffentlicher Kredit. Öffentlicher Haushalt. Finanzausgleich

Na minha lista:
Detalhes bibliográficos
Autor principal: Kolms, Heinz
Formato: Livro
Idioma:alemão
Publicado em: Berlin Gruyter 1964
Edição:1. Aufl.
Tags: Adicionar Tag
Sem tags, seja o primeiro a adicionar uma tag!

MARC

LEADER 00000nam a2200000 4500
001 c029671
005 20221220101733.4
041 0 |a ger 
044 |a DE 
245 1 0 |a Finanzwissenschaft 4  |b Öffentlicher Kredit. Öffentlicher Haushalt. Finanzausgleich  |c Heinz Kolms 
250 |a 1. Aufl. 
264 1 |a Berlin  |b Gruyter  |c 1964 
300 |a 191 s. 
100 1 |a Kolms, Heinz